Dispossessed : [a play] /

Bibliographic Details
Main Author: Ravel, Aviva
Format: Book
Language:English
Published: Toronto : Playwrights Co-op, [1976]
Series:Women write for theatre ; v.3.

MARC

Tag First Indicator Second Indicator Subfields
LEADER 00000cam a2200000 i 4500
001 in00001007496
005 20150927222234.0
008 771108s1976 onc 00010 eng d
020 |a 0887540503 
035 |a (OCoLC)03402187 
035 |9 AFD9463AM 
040 |a SNN  |c SNN  |d m/c  |d TXA  |d UtOrBLW 
049 |a TXAM 
090 |a PR9199.3.R34  |b D5 1976 
100 1 |a Ravel, Aviva. 
245 1 0 |a Dispossessed :  |b [a play] /  |c Aviva Ravel. 
264 1 |a Toronto :  |b Playwrights Co-op,  |c [1976] 
264 4 |c ©1976 
300 |a 101 pages ;  |c 23 cm. 
336 |a text  |b txt  |2 rdacontent 
337 |a unmediated  |b n  |2 rdamedia 
338 |a volume  |b nc  |2 rdacarrier 
490 1 |a Women write for theatre ;  |v v.3 
830 0 |a Women write for theatre ;  |v v.3. 
999 |a MARS 
999 f f |s 2bfe70ed-5b17-3524-b263-09b6dba33204  |i 1ae9a98f-c631-37a8-ae3c-4b7c4ccb12ef  |t 0 
952 f f |p ric  |a Texas A&M University  |b Rellis Campus  |c Joint Library Facility  |d Remote Storage  |t 0  |e PR9199.3.R34 D5 1976  |h Library of Congress classification  |i unmediated -- volume  |m A14812578008 
998 f f |a PR9199.3.R34 D5 1976  |t 0  |l Remote Storage